| 000 | 00392nam a22001697a 4500 | ||
|---|---|---|---|
| 005 | 20160527153521.0 | ||
| 008 | 160527b xxu||||| |||| 00| 0 eng d | ||
| 020 | _a81-203-2112-X | ||
| 041 | _aeng | ||
| 082 | _b5577 | ||
| 100 |
_aStraurs, Judy & Frost. Ray mond _91407 |
||
| 245 | _aE-Marketing | ||
| 260 |
_aNew Delhi _bPHI, |
||
| 300 | _a481 | ||
| 650 |
_aManagement _9241 |
||
| 942 | _cBK | ||
| 999 |
_c1993 _d1992 |
||